000 00850nam a22003017a 4500
001 BR6100143
003 BR-BrBNA
005 20230928083355.0
007 ta
008 230509b bl.||||| |||| 00| 0 por d
040 _aBR-BrBNA
_bpor
_cBiblioteca Nacional de Agricultura
041 _a(Por)
072 _aS00; S10
_b0336
_b/G514
090 _ 0336 BR6100143
100 1 _aRohr, R.
110 1 _aCooperativa Agricola de Cotia, Sao Paulo, SP (Brasil)
_92775
245 1 _aSoja x Subnutricao [Glycine max; Nutricao humana; Brasil]
260 3 _aCotia, SP (Brasil):
_c[nd].
300 _a19 p.
500 _a8 tables; Published after 1960
650 _aNutricao humana
650 _aComposicao de alimento
650 _aSoja
650 _aProteina
650 _aValor nutritivo
909 _a202309
_bLucia
_c55
_dLucia Elande
942 _cBK
999 _c13107
_d13107